000
00319nam a2200133Ia 4500
008
230917s9999||||xx |||||||||||||| ||und||
040
_e
55823
_a
MAIN
041
_a
English
082
_a
829.441 T129P
245
0
_a
Poems of Gitanjali
260
_a
Stocksfield
_b
Oriel Press
_c
1982
300
_a
xix, 155 p.
942
_c
BK
999
_c
39486
_d
39486